Numerical treatment of differential equations in applications
שמור ב:
| Main Authors: | , |
|---|---|
| פורמט: | ספר |
| שפה: | אנגלית |
| יצא לאור: |
Berlín
Springer-Verlag
1978
|
| סדרה: | Lecture Notes in Mathematics, 679
|
| נושאים: | |
| תגים: |
הוספת תג
אין תגיות, היה/י הראשונ/ה לתייג את הרשומה!
|
MARC
| LEADER | 00000nam a2200000 a 4500 | ||
|---|---|---|---|
| 001 | UCP0247 | ||
| 003 | CL-VaPUC | ||
| 008 | 990305e19780000GW |||||||||||||||||eng|d | ||
| 082 | 0 | 4 | |a 515.35 |b ANS |2 21 |
| 100 | 0 | |a Ansorge, Rainer |e author |9 425322 | |
| 700 | 0 | |a Töring, W |e author |9 425323 | |
| 245 | 1 | 0 | |a Numerical treatment of differential equations in applications |
| 300 | |a 163 p | ||
| 942 | |c BK | ||
| 945 | |d 19990305 00:00:00 |a crobeson | ||
| 260 | |a Berlín |b Springer-Verlag |c 1978 | ||
| 650 | 0 | |a Ecuaciones diferenciales |9 260083 | |
| 650 | 7 | |a ELASTICIDAD NO LINEAL |2 CL-VaPUC |9 425324 | |
| 650 | 7 | |a METODO DE NEWTON |2 CL-VaPUC |9 425325 | |
| 650 | 7 | |a PROBLEMAS PARABOLICOS PERIODICOS |2 CL-VaPUC |9 425326 | |
| 650 | 7 | |a OSCILACION NO LINEAL |2 CL-VaPUC |9 425327 | |
| 583 | |a last modification |c 19990305 00:00:00 |k Rodrigo Vera | ||
| 490 | 0 | |a Lecture Notes in Mathematics, 679 | |
| 999 | |c 279086 |d 279084 | ||
| 952 | |0 0 |1 0 |4 0 |6 515_350000000000000_ANS_1978 |7 0 |8 A |9 318003 |a BIBMAT |b BIBMAT |d 2019-11-20 |i 132313K |o 515.35 ANS 1978 |p 132313K |r 2025-01-07 |w 2019-11-20 |y BK |k MAT | ||